00525nam a22001577a 4500003000900000005001700009008004900026040002300075245008200098260005400180300002900234700002500263700003000288700002400318700002500342DO-SdBNP20171128114828.0171128b 1975 nyu ||||| |||| 00| 0 spa d aBPMSUbspa cBPMSU00aScience : bunderstanding your environment /cGeorge G. Mallinson... [et al]. aMorristown, New Jersey : bSilver Burdett,c1975. a176 p. :bil“;c25 cm. 1 aMallinson, George G.1 aMallinson, Jacqueline B. 1 aEllwood, Esther P.1 aSilva, Lorraine Z.